विराट : (Record no. 116764)

MARC details
000 -LEADER
fixed length control field 01202nam a22002657a 4500
005 - DATE AND TIME OF LATEST TRANSACTION
control field 20170124103044.0
010 ## - LIBRARY OF CONGRESS CONTROL NUMBER
LC control number 142894
020 ## - INTERNATIONAL STANDARD BOOK NUMBER
Terms of availability 1.50
035 ## - SYSTEM CONTROL NUMBER
System control number 142894
037 ## - SOURCE OF ACQUISITION
Source of stock number/acquisition Cen Lib/Ret
040 ## - CATALOGING SOURCE
Original cataloging agency DPL
Language of cataloging HN
082 ## - DEWEY DECIMAL CLASSIFICATION NUMBER
Classification number
Item number ज़्विगस्टी
100 ## - MAIN ENTRY--PERSONAL NAME
Personal name ज़्विग, स्टीफ़न
9 (RLIN) 68209
245 ## - TITLE STATEMENT
Title विराट :
Statement of responsibility, etc स्टीफ़न ज़्विग; अनुवादक यशपाल जैन
Remainder of title भारतीय पृष्ठभूमि पर लिखा मार्मिक उपन्यास /
246 ## - VARYING FORM OF TITLE
Title proper/short title virat : bhartiya prishthbhoomi par likha marmik upanyas /
Remainder of title by Satifan Zwig; anuvadak Yashpal Jain
260 ## - PUBLICATION, DISTRIBUTION, ETC. (IMPRINT)
Place of publication, distribution, etc नयी दिल्ली
Name of publisher, distributor, etc सस्ता साहित्य मण्डल
Date of publication, distribution, etc 1958
270 ## - ADDRESS
City नयी दिल्ली
300 ## - PHYSICAL DESCRIPTION
Extent 106पृ.
Dimensions 17सेमी (सजिल्द)
650 ## - SUBJECT ADDED ENTRY--TOPICAL TERM
Topical term or geographic name as entry element अंग्रेजी साहित्य
9 (RLIN) 68210
650 ## - SUBJECT ADDED ENTRY--TOPICAL TERM
Topical term or geographic name as entry element उपन्यास
9 (RLIN) 68211
650 ## - SUBJECT ADDED ENTRY--TOPICAL TERM
Topical term or geographic name as entry element English literature
9 (RLIN) 68212
650 ## - SUBJECT ADDED ENTRY--TOPICAL TERM
Topical term or geographic name as entry element Fiction
9 (RLIN) 8901
700 ## - ADDED ENTRY--PERSONAL NAME
Personal name जैन, यशपाल
9 (RLIN) 68213
942 ## - ADDED ENTRY ELEMENTS (KOHA)
Source of classification or shelving scheme Dewey Decimal Classification
Koha item type Hindi Books
Classification part
Call number suffix ज़्विगस्टी
Holdings
Withdrawn status Lost status Damaged status Not for loan Home library Current library Date acquired Source of acquisition Cost, normal purchase price Total Checkouts Full call number Barcode Date last seen Copy number Cost, replacement price Price effective from Koha item type Public note
Written off       Central Library Central Library 25/08/2015 Cen Lib/Ret 1.50   उ ज़्विगस्टी 142894 25/08/2015 1 1.50 25/08/2015 Hindi Books Written off on approval by DLB (By Circulation); dtd 15-06-2023

© Delhi Public Library
Hit Counter
free hit counter